000 00405pab a2200145 454500
008 180718b1996 xxu||||| |||| 00| 0 eng d
100 _aTandon, Usha
245 _aEvidentiary deficiencies in rape law: a plea for gender justice
260 _c1996
300 _ap.239-49
362 _aJul-Dec
650 _aSexual abuse
773 _aJournal of Constitutional and Parliamentary Studies
909 _a35661
999 _c35661
_d35661